The Megatron Quiz - Statistics

General Stats
  • This quiz has been taken 9 times
  • The average score is 11 of 15
Answer Stats
Hint Answer % Correct
Who is Megatron's most loyal ally? Soundwave
100%
Who is the second in command who can't stop betraying Megatron? Starscream
100%
Before becoming his enemy, what was Optimus Prime to Megatron? Brother
88%
What arm-mounted weapon does Megatron carry in almost every incarnation? Fusion Cannon
88%
Before being the Decepticon leader, what was Megatron? Gladiator / Slave
88%
What is the name of the Decepticon Air Force commanded by the above? Seekers
88%
Megatron's most common vehicle mode Tank
88%
Who is Megatrons most prominent voice actor? Frank Welker
75%
What is the name of the Purple Megatron after being resurrected by Unicron? Galvatron
75%
In Transformers: Prime, what weapon did Megatron use against the Star Saber? Dark Star Saber
63%
Megatron's most common melee weapon Energon Mace
63%
What was Megatron's first line of dialogue in 2007? "I am Megatron."
63%
What does Megatron think Peace can be achieved through? Tyranny
63%
What state of matter can Megatron control in some comics? (Not really matter) Anti-Matter
50%
What is the real name of Megatron's weapon in The Last Knight? Konda
50%
No matching quizzes found
Score Distribution
Percent of People with Each Score
Percentile by Number Answered
Your Score History
You have not taken this quiz